| 000 | 00490cam a2200169ua 4500 | ||
|---|---|---|---|
| 020 | _c595.00 | ||
| 041 |
_aeng _h |
||
| 082 |
_a620.43 _bTAN/NA |
||
| 100 | _aTaniguchi, Norio . | ||
| 245 | 0 | 0 |
_aNanotechnology: Integrates processing systems for ultra-precision and ultra-fine products / _cNorio Taniguchi. _hTextual Documents |
| 260 |
_aCalcutta : _bOxford University Press , _c2008. |
||
| 300 | _a ; . | ||
| 365 | _a595.00 | ||
| 504 | _a | ||
| 942 | _cBK | ||
| 999 |
_c13463 _d13463 |
||